000 00995cam a2200313 4500
001 30473
003 UkOxU
005 20211209051553.0
008 140410r1951 enka b 001 0 eng d
035 _aBD-RjUL)30559
035 _a(UkLCURL)9860005492
040 _aDLC
_cDLC
_dDLC
_dBD-RjUL
_beng
041 _aeng
082 0 0 _a299.51264
_bCRC 1951
090 _aLCo
100 1 _aCreel, Herrlee Glessner,
_d1905-1994.
_985054
245 1 0 _aConfucius and the Chinese way /
_cH.G. Creel.
260 _aLondon :
_bRoutledge & Kegan Paul Ltd,
_c1951.
300 _axiii, 337 p. :
_bill. ;
_c21 cm.
490 1 _aHarper torchbooks. Cloister library
500 _aFirst published in 1949 under title: Confucius, the man and the myth.
504 _aIncludes bibliography. and Index
650 0 _aPhilosophy, Confucian.
_992599
830 0 _aHarper torchbooks.
_992607
942 _2ddc
_cBK
999 _c30473
_d30473